| 000 | 00465pab a2200169 454500 | ||
|---|---|---|---|
| 008 | 180718b2004 xxu||||| |||| 00| 0 eng d | ||
| 100 | _aTella, Rafael Di | ||
| 245 | _aDo police reduce crime? Estimates using the allocation of police forces after a terrorist attack | ||
| 260 | _c2004 | ||
| 300 | _ap.115-33. | ||
| 362 | _aMar | ||
| 650 | _aCrime | ||
| 650 | _aPolice | ||
| 700 | _aSchargrodky, Ernesto | ||
| 773 | _aAmerican Economic Review | ||
| 909 | _a60233 | ||
| 999 |
_c60233 _d60233 |
||